Footballeurs en A - Statistiques

Statistiques générales
  • Ce quiz a été pris 169 fois
  • Le résultat moyen est 13 sur 20
Statistiques - réponses
Par images Réponse % Correct
Aubameyang
97%
Aguero
95%
Aréola
92%
Arteta
92%
Alexander-Arnold
91%
Alaba
90%
Anelka
87%
Antony
87%
Akliouche
84%
Abidal
80%
Alcantara
80%
Azpilicueta
70%
Arshavin
52%
Atal
49%
Armand
45%
Albiol
43%
Anderson
43%
Aduriz
41%
Ahamada
14%
Angloma
11%
Aucun quiz correspondant
Distribution des résultats
% des personnes avec chaque résultat
Percentile par nombre de réponses
Votre historique - résultats
Vous n’avez pas pris ce quiz